Touts les Pays d’Amérique du nord en 1 minute - Statistiques

Statistiques générales
  • Ce quiz a été pris 231 fois
  • Le résultat moyen est 17 sur 23
Réponses sur la Carte
Les réponses sont colorées sur une échelle allant du rouge au vert en fonction du pourcentage des utilisateurs qui les ont devinées à leur premier essai. Vous pouvez retrouver ces pourcentages ci-dessous.
 
Statistiques - réponses
Pays % Correct
États-Unis
100%
Canada
99%
Mexique
99%
Cuba
93%
Panama
87%
Guatemala
86%
Haïti
84%
Belize
82%
Honduras
81%
Jamaïque
79%
Nicaragua
79%
Bahamas
78%
Costa Rica
78%
République Dominicaine
75%
Salvador
75%
Dominique
66%
Saint Vincent et les Grenadines
64%
Antigua-et-Barbuda
60%
Sainte Lucie
60%
Barbade
58%
Grenade
54%
Saint Christophe et Niévès
51%
Trinité et Tobago
51%
Aucun quiz correspondant
Distribution des résultats
% des personnes avec chaque résultat
Percentile par nombre de réponses
Votre historique - résultats
Vous n’avez pas pris ce quiz